Contemporary issues in tourism development / (Record no. 617013)
[ view plain ]
| 000 -LEADER | |
|---|---|
| fixed length control field | 00507nam a22001697a 4500 |
| 003 - CONTROL NUMBER IDENTIFIER | |
| control field | NUST |
| 005 - DATE AND TIME OF LATEST TRANSACTION | |
| control field | 20260413152807.0 |
| 008 - FIXED-LENGTH DATA ELEMENTS--GENERAL INFORMATION | |
| fixed length control field | 260413b ||||| |||| 00| 0 eng d |
| 020 ## - INTERNATIONAL STANDARD BOOK NUMBER | |
| International Standard Book Number | 0-415271673 |
| 082 ## - DEWEY DECIMAL CLASSIFICATION NUMBER | |
| Classification number | 338.4791 |
| Author Mark | PEA |
| 100 ## - MAIN ENTRY--PERSONAL NAME | |
| Personal name | Douglas G. Pearce and Richard W. Butler. |
| 9 (RLIN) | 134082 |
| 245 ## - TITLE STATEMENT | |
| Title | Contemporary issues in tourism development / |
| Statement of responsibility, etc. | Douglas G. Pearce and Richard W. Butler. |
| 260 ## - PUBLICATION, DISTRIBUTION, ETC. | |
| Place of publication, distribution, etc. | Oxon: |
| Name of publisher, distributor, etc. | Routledge, |
| Date of publication, distribution, etc. | 1999. |
| 300 ## - PHYSICAL DESCRIPTION | |
| Extent | 277 p ; |
| Dimensions | 28.7 cm |
| 563 ## - BINDING INFORMATION | |
| Binding note | Paperback |
| 942 ## - ADDED ENTRY ELEMENTS (KOHA) | |
| Source of classification or shelving scheme | |
| Koha item type | Book |
| Withdrawn status | Lost status | Source of classification or shelving scheme | Damaged status | Not for loan | Permanent Location | Current Location | Date acquired | Total Checkouts | Full call number | Barcode | Date last seen | Price effective from | Koha item type |
|---|---|---|---|---|---|---|---|---|---|---|---|---|---|
| Institute of Geographical Information Systems (IGIS) | Institute of Geographical Information Systems (IGIS) | 04/13/2026 | 338.4791 PEA | IGIS-357 | 04/13/2026 | 04/13/2026 | Book |
